000 00546nam a2200217 i 4500
001 360661
005 20171214075540.0
008 780714s1978 maua b 001 0 eng
010 _a 77079468
020 _a0201075717
040 _aDLC
_cDLC
_dDLC
041 _aeng
080 _a301.633 TIL
082 0 0 _a301.633 TIL
100 1 _a17
101 _aHIS
245 1 0 _aFrom mobilization to revolution /
_cCharles Tilly.
504 _aBibliography: p. 307-336.
906 _a7
_bcbc
_corignew
_d2
_eopcn
_f19
_gy-gencatlg
942 _2ddc
_cBK
999 _c38946
_d38946